000 00719nam a22002177a 4500
003 UA-OsUOA
001 122313
007 ta
008 20170424b un ||||| |||| 00| 0 ukr d
100 _aРахно К.
090 _a94(477)
_bР27
942 _cSA
040 _aUA-OsUOA
_bukr
_cUA-OsUOA
_dUA-OsUOA
245 _aНеміфічна Кіммерія. Ким були перші іраномовні кочовики в степах Північного Причорномор'я
300 _aС.42-46
955 _a0
041 _aukr
080 _a94(477)
773 0 _w122310
_tУкраїнський тиждень
_dК.
_d2017
_g14
650 7 _a9 Географія. Біографії. Історія
_2UDC
999 _c408543
_d408543